All Popcaan Songs - Statistics

General Stats
  • This quiz has been taken 4 times
  • The average score is 39 of 59
Answer Stats
Album Song % Correct
Forever Silence
100%
Where We Come From Addicted
67%
FIXTAPE ALL I NEED
67%
FIXTAPE ANY ONE A DEM
67%
Forever A Wha Suh
67%
FIXTAPE BANK & GOD
67%
Forever Body So Good
67%
FIXTAPE BRUCK DI BUDDY
67%
FIXTAPE BUZZ
67%
Forever Call Me
67%
FIXTAPE CANARY
67%
Vanquish Can't Wait
67%
FIXTAPE CHILL
67%
Where We Come From Cool It
67%
Forever Deserve It All
67%
Forever Dun Rich
67%
Vanquish Elevate
67%
Where We Come From Everything Nice
67%
Where We Come From Evil
67%
Vanquish Father God Ah Lead
67%
Forever Firm and Strong
67%
Forever Foreign Love
67%
FIXTAPE FRESH POLO
67%
FIXTAPE FRIENDS LIKE THESE
67%
Where We Come From Ghetto (Tired of Crying)
67%
Vanquish Gimmi Love
67%
Where We Come From Give Thanks
67%
FIXTAPE GOODAZ GAL
67%
Vanquish Happy and Wealthy
67%
Forever Happy Now
67%
Forever High Drive (Louis Out)
67%
Where We Come From Hold On
67%
Where We Come From Hustle
67%
FIXTAPE JEALOUSY DIE SLOW
67%
Forever Lef My Gun
67%
Vanquish Love You
67%
Where We Come From Love Yuh Bad
67%
FIXTAPE MAMAKITA
67%
FIXTAPE MURDA
67%
FIXTAPE MY WAY
67%
Forever Naked
67%
Where We Come From Number One Freak
67%
Vanquish Numbers Don't Lie
67%
Vanquish One Ting Alone
67%
Vanquish Promise
67%
FIXTAPE RAPID
67%
FIXTAPE RETRIBUTION
67%
Forever Strong Woman
67%
FIXTAPE SUH ME LUV IT
67%
Forever Superstar
67%
Where We Come From The System
67%
Forever Through the Storm
67%
FIXTAPE TWIST & TURN
67%
FIXTAPE UNDA DIRT
67%
Where We Come From Waiting So Long
67%
Where We Come From Where We Come From
67%
Forever Wine for Me
67%
Vanquish Jah Is Me
33%
Forever Mi Luv Yuh
33%
No matching quizzes found
Score Distribution
Percent of People with Each Score
Percentile by Number Answered
Your Score History
You have not taken this quiz